01343nam a22001457a 4500020001900000040001800019082001500037245012200052250002500174260003200199521081700231942003401048999001901082952009601101 a978-3030463373 adlccdlcddlc 2621.38 GUP aInternet of Vehicles and its Applications in Autonomous Driving (Unmanned System Technologies) b1st ed. 2021 Edition a1st ed. 2021 Edition aSwitzerlandbSpringerc2021 aThis book provides an insight on the importance that Internet of Vehicles (IoV) solutions can have in taking care of vehicular safety through internetworking and automation. Key features of the book are the inclusion and elaboration of recent and emerging developments in various specializations of intelligent transportation systems and their solutions by incorporating IoT (Internet of Things) and IoV. This book presents to its readers useful IoV applications and architectures that cater to their improved driving requirements and lead towards autonomous driving. The application domains have a large range in which vehicular networking, communication technology, sensor devices, computing materials and devices, IoT communication, vehicular and on-road safety, data security and other topics are included.  2ddccBKe1st ed. 2021 Edition c593720d593720 00102ddc4070aNITbNITd2023-03-14l0o621.38 GUPpNIT-13643r2023-03-14w2023-03-14yBK